logo

Bir Sreshtho Munshi Abdur Rouf Library
Jhenaidah Cadet College

কুরআন-হাদিসের আলোকে সৈনিকের কর্তব্য / (Record no. 6143)

MARC details
000 -LEADER
fixed length control field 00894nam a2200229 a 4500
001 - CONTROL NUMBER
JCCL Control Number 6143
003 - CONTROL NUMBER IDENTIFIER
JCCL marc code BD-JhCC
005 - DATE AND TIME OF LATEST TRANSACTION
control field 20210930134020.0
008 - FIXED-LENGTH DATA ELEMENTS--GENERAL INFORMATION
fixed length control field 180101s1987 bg |||| ||a| 000 0 ben d
035 ## - SYSTEM CONTROL NUMBER
system control number (BD-JhCC)6143
040 ## - CATALOGING SOURCE
Original cataloging agency BD-JhCC
Modifying agency BD-JhCC
041 ## - LANGUAGE CODE
Language code of Book ben
082 ## - DEWEY DECIMAL CLASSIFICATION NUMBER
Classification number 297.261
Author mark and Year ABA 1987
100 ## - MAIN ENTRY--PERSONAL NAME
Personal name আবাদী, অধ্যাপক মাওলানা আশরাফ আলী
245 ## - TITLE STATEMENT
Title কুরআন-হাদিসের আলোকে সৈনিকের কর্তব্য /
Statement of responsibility, etc অধ্যাপক মাওলানা আশরাফ আলী আবাদী
260 ## - PUBLICATION, DISTRIBUTION, ETC. (IMPRINT)
Place of publication, distribution, etc ঢাকা :
Name of publisher, distributor, etc ইসলামিক ফাউন্ডেশন,
Date of publication, distribution, etc ১৯৮৭.
300 ## - PHYSICAL DESCRIPTION
Pagination 164 p. :
Dimensions 21 cm.
650 ## - SUBJECT ADDED ENTRY--TOPICAL TERM
Topical term or geographic name as entry element Duty of Soldier
General subdivision Aspects Islam
700 ## - ADDED ENTRY--PERSONAL NAME
Personal name রহীম,মুহম্মদ আবদুর
942 ## - ADDED ENTRY ELEMENTS (KOHA)
Source of classification or shelving scheme Dewey Decimal Classification
Koha item type Books
Koha issues (borrowed), all copies 2
Holdings
Source of classification or shelving scheme Damaged status Not for loan Home library Current library Shelving location Date of accession Cost, normal purchase price Total Checkouts Full call number Barcode Date last seen Date checked out Copy number Koha item type
Dewey Decimal Classification     JCC Rouf Library JCC Rouf Library General Stacks 01/14/2018 30.00 1 297.261 ABA 1987 697 10/11/2021 09/29/2021 C-1 Books

JCC Library | Contacts | JCC Home

Last Update on 23 September 2017
Copyright @ 2017-2020 JCC Rouf Library
Rouf Library, Jhenidah Cadet College (JCC), Bangladesh